[Event "IHEM 2000"]
[Site "Hamburg"]
[Date "2000.06.16"]
[Round "7.9"]
[White "Heyken, Enno"]
[Black "Pajeken, Wolfgang"]
[Result "1/2-1/2"]
[WhiteElo "2331"]
[BlackElo "2313"]
[PlyCount "81"]
[EventDate "2000.06.18"]

1. d4 Nf6 2. Nf3 e6 3. g3 b6 4. Bg2 Bb7 5. O-O Be7 6. b3 O-O 7. Bb2 c5 8. e3 d5
9. Qe2 Nbd7 10. Rd1 Qc7 11. c4 cxd4 12. exd4 Rac8 13. Nc3 Ba6 14. Nb5 Bxb5 15.
cxb5 Ne4 16. Rac1 Qb7 17. Nd2 Nxd2 18. Qxd2 Rxc1 19. Rxc1 Rc8 20. Rc4 Rxc4 21.
bxc4 Nf6 22. cxd5 Nxd5 23. Be4 Qc8 24. Qd3 g6 25. Qb3 Nf6 26. Bf3 a6 27. bxa6
Qxa6 28. a4 Qa7 29. Qb5 Qd7 30. Bc6 Qd8 31. Kf1 Nd5 32. h4 h5 33. Qc4 Bf6 34.
Ke2 Qd6 35. Bb7 Kg7 36. Kd3 Qd7 37. Ba6 Nc7 38. Bb5 Nxb5 39. axb5 Qa7 40. Qb3
Qb7 41. Ke3 {(=)} 1/2-1/2

[Event "IHEM 2000"]
[Site "Hamburg"]
[Date "2000.06.16"]
[Round "7.10"]
[White "Breyther, Ruediger"]
[Black "Voigt, Martin"]
[Result "1/2-1/2"]
[WhiteElo "2365"]
[BlackElo "2300"]
[PlyCount "72"]
[EventDate "2000.06.18"]

1. e4 e6 2. d4 d5 3. Nd2 Nf6 4. e5 Nfd7 5. c3 c5 6. Bd3 Nc6 7. Ne2 cxd4 8. cxd4
Qb6 9. Nf3 f6 10. exf6 Nxf6 11. O-O Bd6 12. Bd2 O-O 13. Bc3 Bd7 14. Ng3 Rae8
15. Ne5 Re7 16. a4 a5 17. Nxc6 bxc6 18. Qd2 Kh8 19. Rae1 c5 20. Bxa5 Qa7 21.
dxc5 Qxc5 22. Rc1 Qd4 23. Bb5 Qh4 24. h3 Bxb5 25. axb5 Ref7 26. Bb6 Bxg3 27.
fxg3 Qxg3 28. Bd4 Kg8 29. Qe2 Ne4 30. Rxf7 Rxf7 31. Rc8+ Rf8 32. Rxf8+ Kxf8 33.
b6 Ke7 34. Qc2 Qe1+ 35. Kh2 Qg3+ 36. Kg1 Qe1+ 1/2-1/2

[Event "IHEM 2000"]
[Site "Hamburg"]
[Date "2000.06.16"]
[Round "7.11"]
[White "Berger, Steve"]
[Black "Schleicher, Guido"]
[Result "0-1"]
[WhiteElo "2286"]
[BlackElo "2250"]
[PlyCount "70"]
[EventDate "2000.06.18"]

1. e4 c6 2. Nc3 d5 3. d4 b5 4. exd5 b4 5. Ne4 cxd5 6. Nc5 e6 7. Nd3 Nf6 8. Nf3
Be7 9. Nde5 O-O 10. Bd3 Ne4 11. Nd2 f5 12. Qe2 Qb6 13. Ndf3 Bd7 14. h4 Be8 15.
g4 fxg4 16. Nxg4 Bh5 17. Ng5 Qxd4 18. Nxe4 Nc6 19. Nh6+ gxh6 20. Qxh5 dxe4 21.
Qg4+ Kh8 22. Qxe4 Qxf2+ 23. Kd1 Qf3+ 24. Qxf3 Rxf3 25. Bxh6 Rd8 26. Rg1 Bf6 27.
Bg5 Bxg5 28. hxg5 Ne5 29. Ke2 Rh3 {(=)} 30. Be4 Rh2+ 31. Rg2 Rxg2+ 32. Bxg2 Nc4
33. Be4 Rd4 34. b3 Rxe4+ 35. Kd3 Nd6 0-1

[Event "IHEM 2000"]
[Site "Hamburg"]
[Date "2000.06.16"]
[Round "7.12"]
[White "Engelbert, Christoph"]
[Black "Becker, Norbert"]
[Result "1/2-1/2"]
[WhiteElo "2209"]
[BlackElo "2170"]
[PlyCount "28"]
[EventDate "2000.06.18"]

1. e4 c5 2. c3 Nf6 3. e5 Nd5 4. d4 cxd4 5. Nf3 e6 6. cxd4 b6 7. Bc4 Bb7 8. O-O
Be7 9. Bxd5 Bxd5 10. Nc3 Bb7 11. d5 exd5 12. Nxd5 O-O 13. Bf4 Na6 14. Qd2 Nc5
1/2-1/2

[Event "IHEM 2000"]
[Site "Hamburg"]
[Date "2000.06.16"]
[Round "7.13"]
[White "Lindinger, Markus"]
[Black "Laqua, Christian"]
[Result "1-0"]
[WhiteElo "2316"]
[BlackElo "2246"]
[PlyCount "69"]
[EventDate "2000.06.18"]

1. d4 e6 2. Nf3 f5 3. c4 Nf6 4. Nc3 Bb4 5. Bg5 O-O 6. Qc2 b6 7. e3 Bb7 8. Bd3
Nc6 9. Nd2 Ne7 10. f3 c5 11. a3 cxd4 12. exd4 Bd6 13. O-O-O Rc8 14. Kb1 Ba6 15.
Qa4 Bb7 16. h4 a6 17. h5 Qc7 18. h6 g6 19. Qb3 Nc6 20. Ne2 Kh8 21. Qc3 Qd8 22.
g4 Ne7 23. gxf5 Nxf5 24. Qb3 Be7 25. Bf4 Bc6 26. Ne4 d6 27. Ng5 Qd7 28. Qxb6
Rc7 29. Qa5 Rb8 30. Bxf5 exf5 31. Rd2 Rb3 32. Nc1 Rb8 33. Re1 Rcb7 34. d5 Ba4
35. Qc3 {(Zue.)} 1-0

[Event "IHEM 2000"]
[Site "Hamburg"]
[Date "2000.06.16"]
[Round "7.15"]
[White "Hegeler, Frank"]
[Black "Meier, David-Geffrey"]
[Result "1-0"]
[WhiteElo "2347"]
[BlackElo "2079"]
[PlyCount "80"]
[EventDate "2000.06.18"]

1. d4 f5 2. c4 g6 3. g3 Nf6 4. Bg2 Bg7 5. Nc3 d6 6. Nh3 Nc6 7. d5 Ne5 8. f4 Nf7
9. Nf2 O-O 10. O-O Rb8 11. Nb5 a6 12. Nd4 Qe8 13. e4 fxe4 14. Nxe4 Nxe4 15.
Bxe4 Nh6 16. Qd3 Bd7 17. Bd2 c5 18. dxc6 bxc6 19. Bc3 Qc8 20. Rae1 e6 21. Nf3
Bxc3 22. Qxc3 Nf7 23. Rf2 Qc7 24. Bd3 c5 25. h4 e5 26. Qc2 exf4 27. Bxg6 hxg6
28. Qxg6+ Kh8 29. Qh5+ Kg8 30. gxf4 Bh3 31. Kh2 Kg7 32. Rg1+ Kf6 33. Kxh3 Ke7
34. Re2+ Kd7 35. Rg7 Kc6 36. Ng5 Nxg5+ 37. Qxg5 Qc8+ 38. Kh2 Qd8 39. Qd5+ Kb6
40. Kg3 Rc8 1-0

[Event "IHEM 2000"]
[Site "Hamburg"]
[Date "2000.06.16"]
[Round "7.16"]
[White "Maahs, Erich"]
[Black "Langrock, Hannes"]
[Result "1/2-1/2"]
[WhiteElo "2195"]
[BlackElo "2171"]
[PlyCount "58"]
[EventDate "2000.06.18"]

1. e4 c5 2. Bc4 e6 3. Nf3 Nc6 4. O-O Be7 5. Re1 d6 6. d3 Nf6 7. Bg5 O-O 8. Nbd2
b6 9. c3 Bb7 10. Bb3 Ne5 11. Bc2 Ba6 12. Nf1 Rc8 13. Ne3 Nfd7 14. Bxe7 Qxe7 15.
d4 cxd4 16. cxd4 Nc4 17. Nxc4 Bxc4 18. Bd3 d5 19. Bxc4 dxc4 20. Qa4 Nf6 21. Ne5
Qb7 22. f3 b5 23. Qa5 Rfd8 24. Red1 Rd6 25. a4 b4 26. Rac1 Ra6 27. Qb5 Rb6 28.
Qa5 Ra6 {(=)} 29. Qb5 Rb6 1/2-1/2

[Event "IHEM 2000"]
[Site "Hamburg"]
[Date "2000.06.17"]
[Round "8.1"]
[White "Rogozenko, Dorian"]
[Black "Georgiev, Vladimir"]
[Result "1/2-1/2"]
[WhiteElo "2562"]
[BlackElo "2538"]
[PlyCount "51"]
[EventDate "2000.06.18"]

1. Nf3 Nf6 2. c4 g6 3. d4 Bg7 4. g3 O-O 5. Bg2 c6 6. Nc3 d6 7. O-O Qa5 8. e4 e5
9. h3 Nbd7 10. Re1 exd4 11. Nxd4 Ne5 12. Bf1 Re8 13. Rb1 d5 14. b4 Qd8 15. cxd5
cxd5 16. Bg5 dxe4 17. Nxe4 Bf5 18. Nxf5 Qxd1 19. Nxf6+ Bxf6 20. Rexd1 Nf3+ 21.
Kg2 Nxg5 22. Nd6 Re7 23. Bc4 Kf8 24. Rd3 Ne4 25. Nxf7 Rc7 26. Bb3 {(=)} 1/2-1/2

[Event "IHEM 2000"]
[Site "Hamburg"]
[Date "2000.06.17"]
[Round "8.2"]
[White "Yemelin, Vasily"]
[Black "Farago, Ivan"]
[Result "1/2-1/2"]
[WhiteElo "2540"]
[BlackElo "2467"]
[PlyCount "121"]
[EventDate "2000.06.18"]

1. e4 e6 2. d4 d5 3. Nd2 c5 4. Ngf3 Nc6 5. exd5 exd5 6. Bb5 Bd6 7. dxc5 Bxc5 8.
O-O Nge7 9. Nb3 Bd6 10. Re1 O-O 11. Bg5 Bg4 12. Be2 Re8 13. h3 Bh5 14. Nfd4 Bg6
15. c3 h6 16. Bxe7 Rxe7 17. Bf3 Be5 18. Qd2 Nxd4 19. Nxd4 Be4 20. Rad1 Bxd4 21.
Bxe4 dxe4 22. Qxd4 Qxd4 23. Rxd4 Rae8 24. g4 g6 25. Kg2 Kg7 26. Kg3 g5 27. c4
Kg6 28. Rd6+ Re6 29. Rxe4 Rxd6 30. Rxe8 Rd2 31. Rg8+ Kf6 32. Ra8 Rxb2 33. Rxa7
Rb4 34. c5 Rb5 35. a4 Rxc5 36. Rxb7 Rc3+ 37. Kg2 Ra3 38. Ra7 Kg6 39. Ra8 f6 40.
Rg8+ Kf7 41. Ra8 Kg6 42. a5 h5 43. a6 hxg4 44. hxg4 Kg7 45. Kf1 Ra2 46. Ke1 Kh7
47. Kd1 Kg7 48. f3 Ra3 49. Kc2 Rxf3 50. Rc8 Ra3 51. Rc7+ Kg6 52. Rc6 Kf7 53.
Kb2 Ra5 54. Kb3 f5 55. gxf5 g4 56. Kb4 Ra2 57. Rg6 g3 58. Kb5 g2 59. Kb6 Rb2+
60. Kc7 Ra2 61. Kb7 {(=)} 1/2-1/2

[Event "IHEM 2000"]
[Site "Hamburg"]
[Date "2000.06.17"]
[Round "8.3"]
[White "Kopylov, Michael"]
[Black "Gyimesi, Zoltan"]
[Result "1/2-1/2"]
[WhiteElo "2428"]
[BlackElo "2518"]
[PlyCount "43"]
[EventDate "2000.06.18"]

1. d4 Nf6 2. c4 e6 3. g3 d5 4. Bg2 dxc4 5. Nf3 c5 6. O-O Nc6 7. Ne5 Bd7 8. Na3
cxd4 9. Naxc4 Nxe5 10. Nxe5 Qb6 11. Nxd7 Nxd7 12. Qa4 {(=)} 12... Rd8 13. Bf4
Bc5 14. Rac1 O-O 15. b4 Qxb4 16. Qxb4 Bxb4 17. Bc7 Rde8 18. Bxb7 Re7 19. Rb1
Nb6 20. Bxb6 axb6 21. Rxb4 Rxb7 22. Rxd4 1/2-1/2

[Event "IHEM 2000"]
[Site "Hamburg"]
[Date "2000.06.17"]
[Round "8.4"]
[White "Loeffler, Stefan"]
[Black "Lanka, Zigurds"]
[Result "1/2-1/2"]
[WhiteElo "2426"]
[BlackElo "2503"]
[PlyCount "78"]
[EventDate "2000.06.18"]

1. Nf3 Nf6 2. c4 g6 3. Nc3 Bg7 4. e4 d6 5. d4 O-O 6. Be2 e5 7. Bg5 h6 8. Bh4 g5
9. dxe5 gxh4 10. exf6 Qxf6 11. Nd5 Qd8 12. Qd2 Na6 13. Nd4 Nc5 14. f3 a5 15.
O-O c6 16. Ne3 Qg5 17. Rad1 Be5 18. Nef5 Bf4 19. Qe1 d5 20. cxd5 cxd5 21. Kh1
Bxf5 22. Nxf5 Rfd8 23. b4 dxe4 24. Rxd8+ Rxd8 25. bxc5 Qxf5 26. fxe4 Qxe4 27.
Qxh4 Rd4 28. Bh5 Bg5 29. Qf2 f5 30. Bf3 Qe5 31. Qc2 Rd7 32. Qa4 Re7 33. Qxa5
Kg7 34. Qb6 Be3 35. Bh5 Qf6 36. Qb4 Qe5 37. Qb6 Qf6 38. Qb4 Qe5 39. Qb6 Qf6
1/2-1/2

[Event "IHEM 2000"]
[Site "Hamburg"]
[Date "2000.06.17"]
[Round "8.5"]
[White "Buhr, Carl-Christian"]
[Black "Reeh, Oliver"]
[Result "1/2-1/2"]
[WhiteElo "2335"]
[BlackElo "2399"]
[PlyCount "40"]
[EventDate "2000.06.18"]

1. e4 c5 2. Nf3 d6 3. d4 cxd4 4. Nxd4 Nf6 5. Nc3 Nc6 6. Bg5 Bd7 7. Be2 e6 8.
Qd2 a6 9. f4 Be7 10. O-O-O Rc8 11. Kb1 b5 12. Bf3 b4 13. Nce2 Qb6 14. Qe1 O-O
15. Qg3 e5 16. fxe5 dxe5 17. Nf5 Bxf5 18. exf5 Rfe8 19. Bxf6 Bxf6 20. Be4 Nd4 {
(=)} 1/2-1/2

[Event "IHEM 2000"]
[Site "Hamburg"]
[Date "2000.06.17"]
[Round "8.7"]
[White "Rausis, Igors"]
[Black "Reddmann, Hauke"]
[Result "1/2-1/2"]
[WhiteElo "2486"]
[BlackElo "2356"]
[PlyCount "46"]
[EventDate "2000.06.18"]

1. d4 Nf6 2. c4 e6 3. g3 Bb4+ 4. Bd2 Qe7 5. Bg2 Bxd2+ 6. Qxd2 O-O 7. Nc3 d6 8.
Nf3 e5 9. O-O Re8 10. dxe5 dxe5 11. Rfd1 a5 12. Ng5 h6 13. Nge4 Nxe4 14. Bxe4
Na6 15. Nd5 Qc5 16. Rac1 Be6 17. Nf6+ gxf6 18. Qxh6 f5 19. Qg5+ Kf8 20. Qh6+
Ke7 21. Qg5+ Kf8 {(=)} 22. Qh6+ Kg8 23. Qg5+ Kf8 1/2-1/2

[Event "IHEM 2000"]
[Site "Hamburg"]
[Date "2000.06.17"]
[Round "8.8"]
[White "Hochgraefe, Markus"]
[Black "Pajeken, Wolfgang"]
[Result "1/2-1/2"]
[WhiteElo "2365"]
[BlackElo "2313"]
[PlyCount "59"]
[EventDate "2000.06.18"]

1. c4 c5 2. Nf3 Nc6 3. d4 cxd4 4. Nxd4 Nf6 5. Nc3 g6 6. e4 Bg7 7. Be3 Ng4 8.
Qxg4 Nxd4 9. Qd1 Ne6 10. Qd2 b6 11. Be2 Bb7 12. f3 O-O 13. O-O Bc6 14. b4 a5
15. a3 Qc7 16. Rac1 axb4 17. axb4 Rfb8 18. Nd5 Qd8 19. f4 d6 20. f5 Nf8 21. Bg5
Bxd5 22. Qxd5 Qe8 23. Bg4 Rd8 24. Rf3 Ra1 25. Rxa1 Bxa1 26. Ra3 Be5 27. fxg6
hxg6 28. Be3 Rb8 29. Ra7 e6 30. Qd3 {(=)} 1/2-1/2

[Event "IHEM 2000"]
[Site "Hamburg"]
[Date "2000.06.17"]
[Round "8.9"]
[White "Bach, Matthias"]
[Black "Voigt, Martin"]
[Result "1-0"]
[WhiteElo "2352"]
[BlackElo "2300"]
[PlyCount "87"]
[EventDate "2000.06.18"]

1. d4 d5 2. c4 c6 3. Nc3 Nf6 4. Nf3 e6 5. g3 Nbd7 6. Bg2 Be7 7. O-O dxc4 8. e4
O-O 9. e5 Nd5 10. Ne4 h6 11. g4 f5 12. gxf5 exf5 13. Ng3 N7b6 14. a4 a5 15. Bd2
Nb4 16. Bxb4 axb4 17. Ne2 Nd5 18. Qc2 b5 19. axb5 Rxa1 20. Rxa1 cxb5 21. Ra8
Qd7 22. Nd2 Bb7 23. Ra7 b3 24. Qb1 Bg5 25. Nf1 f4 26. Qe4 f3 27. Bxf3 Qf7 28.
Rxb7 Qxf3 29. Qxf3 Rxf3 30. Rxb5 Nf4 31. Nxf4 Bxf4 32. Rb4 c3 33. bxc3 Rxc3 34.
e6 Kf8 35. d5 Bd6 36. Rb6 Bc7 37. Rb7 Be5 38. Nd2 Rc1+ 39. Kg2 b2 40. f4 Bd4
41. d6 g5 42. e7+ Kf7 43. Rb8 Rg1+ 44. Kf3 1-0

[Event "IHEM 2000"]
[Site "Hamburg"]
[Date "2000.06.17"]
[Round "8.10"]
[White "Schleicher, Guido"]
[Black "Heyken, Enno"]
[Result "0-1"]
[WhiteElo "2250"]
[BlackElo "2331"]
[PlyCount "88"]
[EventDate "2000.06.18"]

1. c4 g6 2. Nc3 Bg7 3. g3 e5 4. Bg2 Nc6 5. Rb1 Nf6 6. d3 O-O 7. Nf3 d5 8. cxd5
Nxd5 9. Bd2 Nde7 10. O-O h6 11. b4 Be6 12. Qc2 a6 13. Na4 b6 14. Rbc1 Qd7 15.
Rfd1 Rad8 16. a3 Rfe8 17. Nb2 Bg4 18. Be3 Qe6 19. Re1 Rd7 20. Nc4 Nd5 21. Nxb6
Ncxb4 22. Qa4 cxb6 23. axb4 b5 24. Qb3 Nxe3 25. Qxe6 Bxe6 26. fxe3 e4 27. dxe4
Bc4 28. Kf2 Red8 29. Bh3 Ra7 30. e5 f6 31. e6 f5 32. g4 Bxe6 33. gxf5 Bxf5 34.
Bxf5 gxf5 35. Rg1 Kh7 36. Rc6 Rg8 37. Rgg6 a5 38. Nh4 axb4 39. Nxf5 Rf8 40. e4
b3 41. Ke3 b2 42. Rg1 Rxf5 43. exf5 Ra1 44. Rcg6 Bf8 0-1

[Event "IHEM 2000"]
[Site "Hamburg"]
[Date "2000.06.17"]
[Round "8.11"]
[White "Trabert, Bettina"]
[Black "Breyther, Ruediger"]
[Result "0-1"]
[WhiteElo "2273"]
[BlackElo "2365"]
[PlyCount "140"]
[EventDate "2000.06.18"]

1. e4 c5 2. c3 e6 3. d4 d5 4. exd5 exd5 5. Nf3 Nc6 6. Bb5 Bd6 7. dxc5 Bxc5 8.
O-O Nge7 9. Nbd2 O-O 10. Nb3 Bd6 11. Re1 Bg4 12. Be2 Re8 13. Nfd4 Bxe2 14. Rxe2
Qd7 15. Be3 Ne5 16. h3 N7g6 17. Nd2 Bc7 18. Nf1 Nc4 19. Qc2 Re4 20. Rae1 Rae8
21. Bc1 f5 22. f3 Rxe2 23. Rxe2 Rxe2 24. Qxe2 Bb6 25. Kh1 Bxd4 26. cxd4 f4 27.
Kh2 h5 28. b3 Nd6 29. a4 a6 30. Ba3 Nf5 31. Bc5 h4 32. Qe1 Ng3 33. Nd2 Kh7 34.
Nb1 Nf5 35. Nc3 Ne3 36. Nd1 Qe6 37. Kg1 Kg8 38. Nf2 Kf7 39. Ng4 b6 40. Bb4 Nf5
41. Qxe6+ Kxe6 42. Bc3 Nge7 43. Ne5 g5 44. Kf2 Ne3 45. Ke2 N7f5 46. Kd3 Nxg2
47. a5 bxa5 48. Bxa5 Ng3 49. Ng4 Kf5 50. Nh6+ Kf6 51. Ng4+ Ke6 52. Bd2 Nf5 53.
Ba5 Nge3 54. Bd8 Nxg4 55. fxg4 Ne7 56. Ba5 Nc6 57. Bc3 Nd8 58. Ke2 Nf7 59. Kf3
Nd6 60. Bb4 Ne4 61. Ke2 Kd7 62. Kf3 Nd6 63. Kf2 Nb5 64. Bc5 Nc7 65. Bb4 Ne6 66.
Bc3 Kc6 67. Kf3 Kb5 68. Kf2 Nd8 69. Kf3 Nc6 70. Kf2 Na5 0-1

[Event "IHEM 2000"]
[Site "Hamburg"]
[Date "2000.06.17"]
[Round "8.12"]
[White "Becker, Norbert"]
[Black "Lindinger, Markus"]
[Result "1/2-1/2"]
[WhiteElo "2170"]
[BlackElo "2316"]
[PlyCount "34"]
[EventDate "2000.06.18"]

1. Nf3 Nf6 2. c4 g6 3. g3 Bg7 4. Bg2 O-O 5. O-O d5 6. cxd5 Nxd5 7. Nc3 Nb6 8.
d3 Nc6 9. Be3 h6 10. Rc1 Be6 11. a3 Nd5 12. Nxd5 Bxd5 13. b4 a6 14. Qc2 Kh7 15.
Nd2 Bxg2 16. Kxg2 Rc8 17. Nb3 Nd4 {(=)} 1/2-1/2

[Event "IHEM 2000"]
[Site "Hamburg"]
[Date "2000.06.17"]
[Round "8.13"]
[White "Langrock, Hannes"]
[Black "Engelbert, Christoph"]
[Result "1-0"]
[WhiteElo "2171"]
[BlackElo "2209"]
[PlyCount "35"]
[EventDate "2000.06.18"]

1. e4 g6 2. d4 Bg7 3. Nc3 d6 4. Be3 c6 5. Qd2 b5 6. Nf3 Nf6 7. Bd3 a6 8. h3 Bb7
9. a4 b4 10. Ne2 a5 11. O-O O-O 12. Ng3 Nbd7 13. Bh6 e5 14. dxe5 dxe5 15. Rad1
Qe7 16. Nf5 Qc5 17. Bxg7 gxf5 18. Qg5 1-0

[Event "IHEM 2000"]
[Site "Hamburg"]
[Date "2000.06.17"]
[Round "8.14"]
[White "Laqua, Christian"]
[Black "Berger, Steve"]
[Result "0-1"]
[WhiteElo "2246"]
[BlackElo "2286"]
[PlyCount "66"]
[EventDate "2000.06.18"]

1. c4 e5 2. g3 Nf6 3. Bg2 Nc6 4. Nf3 d5 5. cxd5 Nxd5 6. Nc3 Nb6 7. O-O Be7 8.
d3 O-O 9. a3 a5 10. Be3 Be6 11. Bxb6 cxb6 12. Rc1 f5 13. Qa4 Bf6 14. Nd2 Rc8
15. Nc4 Nd4 16. e3 b5 17. Qxa5 bxc4 18. Qxd8 Rfxd8 19. exd4 exd4 20. Ne2 cxd3
21. Nf4 d2 22. Rxc8 Bxc8 23. Rd1 Re8 24. Bd5+ Kh8 25. Rxd2 g6 26. h4 b6 27. Bc4
Re1+ 28. Kh2 Bb7 29. Bd5 Ba6 30. Ne6 d3 31. Nf4 Re2 32. Rxd3 Rxf2+ 33. Kg1 Rxf4
0-1

[Event "IHEM 2000"]
[Site "Hamburg"]
[Date "2000.06.17"]
[Round "8.16"]
[White "Meier, David-Geffrey"]
[Black "Maahs, Erich"]
[Result "0-1"]
[WhiteElo "2079"]
[BlackElo "2195"]
[PlyCount "62"]
[EventDate "2000.06.18"]

1. d4 d5 2. Nf3 Nc6 3. Bf4 Bg4 4. Nbd2 e6 5. e3 Bd6 6. Bg3 Nf6 7. Bb5 O-O 8.
O-O Bxg3 9. fxg3 Ne4 10. Bd3 f5 11. Be2 Qd6 12. Nxe4 fxe4 13. Nd2 Bxe2 14. Qxe2
e5 15. c3 Ne7 16. g4 c5 17. dxc5 Qxc5 18. h4 Ng6 19. h5 Nf4 20. Qe1 Rf7 21. Nb3
Qb6 22. Kh2 Nd3 23. Qg3 Raf8 24. Rxf7 Rxf7 25. Rd1 h6 26. Rd2 Rf1 27. Rc2 Qf6
28. c4 Nf2 29. Rxf2 Qxf2 30. Qxf2 Rxf2 31. cxd5 b6 0-1

[Event "IHEM 2000"]
[Site "Hamburg"]
[Date "2000.06.18"]
[Round "9.1"]
[White "Georgiev, Vladimir"]
[Black "Yemelin, Vasily"]
[Result "0-1"]
[WhiteElo "2538"]
[BlackElo "2540"]
[PlyCount "68"]
[EventDate "2000.06.18"]

1. c4 c5 2. Nf3 Nc6 3. Nc3 Nf6 4. e3 e5 5. d4 e4 6. d5 exf3 7. dxc6 bxc6 8.
Qxf3 Bd6 9. g4 O-O 10. Bd3 Rb8 11. h4 Be5 12. g5 Bxc3+ 13. bxc3 Ne8 14. Qf5 g6
15. Qxc5 d6 16. Qxa7 Bg4 17. Qd4 Bf3 18. Rh3 c5 19. Qf4 Bh5 20. a4 d5 21. cxd5
Qxd5 22. e4 Qb3 23. Bd2 c4 24. Rb1 Qxb1+ 25. Bxb1 Rxb1+ 26. Bc1 Ng7 27. Qd2 Ne6
28. Qc2 Rfb8 29. Rg3 Nf4 30. Kd2 Ne2 31. Ba3 Nxg3 32. fxg3 Rd8+ 33. Ke3 Rf1 34.
a5 Rf3+ 0-1

[Event "IHEM 2000"]
[Site "Hamburg"]
[Date "2000.06.18"]
[Round "9.2"]
[White "Gyimesi, Zoltan"]
[Black "Rogozenko, Dorian"]
[Result "1/2-1/2"]
[WhiteElo "2518"]
[BlackElo "2562"]
[PlyCount "74"]
[EventDate "2000.06.18"]

1. d4 d5 2. c4 c6 3. Nf3 Nf6 4. Nc3 a6 5. a4 e6 6. Bg5 Nbd7 7. e3 Qa5 8. Nd2
Bb4 9. Qc2 c5 10. Nb3 Qc7 11. dxc5 Ne4 12. Bf4 Qc6 13. cxd5 exd5 14. Bd3 Ndxc5
15. Nxc5 Nxc5 16. O-O Nxd3 17. Qxd3 Bxc3 18. Rfc1 Bd7 19. Rxc3 Qe6 20. Rc7 Bc6
21. Qa3 Rc8 22. Rxc8+ Qxc8 23. Qc5 Qd7 24. b4 Bxa4 25. e4 f6 26. h3 Kf7 27.
Rxa4 Qxa4 28. Qxd5+ Kg6 29. Qf5+ Kf7 30. Qh5+ Ke7 31. Qc5+ Kf7 32. Qd5+ Kg6 33.
h4 h5 34. Qf5+ Kf7 35. Qd5+ Kg6 36. Qf5+ Kf7 37. Qd5+ Kg6 1/2-1/2

[Event "IHEM 2000"]
[Site "Hamburg"]
[Date "2000.06.18"]
[Round "9.3"]
[White "Hector, Johnny"]
[Black "Kopylov, Michael"]
[Result "1-0"]
[WhiteElo "2515"]
[BlackElo "2428"]
[PlyCount "83"]
[EventDate "2000.06.18"]

1. e4 c5 2. Nf3 d6 3. d4 cxd4 4. Nxd4 Nf6 5. Nc3 a6 6. Bg5 e6 7. f4 Qb6 8. Bxf6
gxf6 9. Be2 Rg8 10. Qd3 Nc6 11. Nxc6 bxc6 12. e5 d5 13. exf6 Rxg2 {(=)} 14.
O-O-O a5 15. Bh5 Ra7 16. Rde1 Rb7 17. Nd1 Qb4 18. Rhf1 Rxh2 19. Qxh7 Qd2+ 20.
Kb1 a4 21. Rg1 a3 22. b3 Qxf4 23. Ref1 Qe5 24. Rg8 Rxh5 25. Rxf8+ Kxf8 26. Qg7+
Ke8 27. Qg8+ Kd7 28. Qxf7+ Kd8 29. Qf8+ Kc7 30. f7 Rh8 31. Qe7+ Kb8 32. Qxa3
Qg7 33. Qd6+ Rc7 34. f8=Q Rxf8 35. Rxf8 Qe7 36. Qf4 e5 37. Qf2 e4 38. Rh8 Kb7
39. Qd4 Qd6 40. Nc3 Re7 41. Na4 Kb8 42. Nb6 1-0

[Event "IHEM 2000"]
[Site "Hamburg"]
[Date "2000.06.18"]
[Round "9.5"]
[White "Farago, Ivan"]
[Black "Loeffler, Stefan"]
[Result "1-0"]
[WhiteElo "2467"]
[BlackElo "2426"]
[PlyCount "75"]
[EventDate "2000.06.18"]

1. d4 Nf6 2. c4 e6 3. Nf3 c5 4. d5 d6 5. Nc3 g6 6. e4 Bg7 7. h3 O-O 8. Bd3 exd5
9. exd5 Re8+ 10. Be3 a6 11. O-O b5 12. cxb5 Nbd7 13. bxa6 Qb6 14. Bb5 Bxa6 15.
a4 Bxb5 16. axb5 Qc7 17. Qb3 Nb6 18. Ra6 Qb7 19. Rfa1 Nbxd5 20. Nxd5 Nxd5 21.
Rxa8 Rxa8 22. Rxa8+ Qxa8 23. b6 Qb7 24. Bd2 Bf6 25. Ba5 Bd8 26. Nd2 Nb4 27. Nc4
d5 28. Qe3 Nc6 29. Qe8+ Kg7 30. Ne5 Nxe5 31. Qxe5+ Kf8 32. Qd6+ Ke8 33. Qxc5
Kd7 34. Qf8 Qb8 35. b7 Bc7 36. Qxf7+ Kc6 37. Bxc7 Qxb7 38. Qxh7 1-0

[Event "IHEM 2000"]
[Site "Hamburg"]
[Date "2000.06.18"]
[Round "9.6"]
[White "Reeh, Oliver"]
[Black "Bach, Matthias"]
[Result "1-0"]
[WhiteElo "2399"]
[BlackElo "2352"]
[PlyCount "83"]
[EventDate "2000.06.18"]

1. e4 e5 2. Bc4 Nc6 3. Nf3 f5 4. d3 d6 5. O-O Be7 6. Nc3 Bf6 7. Re1 f4 8. d4
Bg4 9. Bb5 Nge7 10. d5 a6 11. Ba4 b5 12. Nxb5 axb5 13. Bxb5 Rb8 14. Bxc6+ Nxc6
15. dxc6 g5 16. Qd3 Rg8 17. a4 Ke7 18. a5 Qe8 19. Nd2 Be6 20. Nf1 h5 21. b3 h4
22. Bd2 g4 23. a6 g3 24. fxg3 hxg3 25. hxg3 Qh5 26. a7 Ra8 27. Qb5 Rxg3 28.
Nxg3 fxg3 29. Qb8 Bg4 30. Be3 Qh2+ 31. Kf1 Bh3 32. Ke2 Bxg2 33. Kd2 Bf3+ 34.
Kc3 Bxe4 35. Qxc7+ Kf8 36. Qxd6+ Kg7 37. Bh6+ Qxh6 38. Rxe4 Kh7 39. Qd7+ Bg7
40. Qf5+ Kh8 41. Kb2 g2 42. c7 1-0

[Event "IHEM 2000"]
[Site "Hamburg"]
[Date "2000.06.18"]
[Round "9.8"]
[White "Breyther, Ruediger"]
[Black "Mueller, Karsten"]
[Result "0-1"]
[WhiteElo "2365"]
[BlackElo "2527"]
[PlyCount "88"]
[EventDate "2000.06.18"]

1. e4 d5 2. exd5 Qxd5 3. Nc3 Qa5 4. d4 c6 5. Nf3 Nf6 6. Bc4 Bf5 7. Bd2 e6 8.
Ne4 Qc7 9. Nxf6+ gxf6 10. Qe2 Nd7 11. O-O-O O-O-O 12. Nh4 Bg6 13. g3 Nb6 14.
Ba5 Bh6+ 15. Kb1 Rd6 16. f4 Rhd8 17. f5 exf5 18. Bd3 Rd5 19. Bxb6 axb6 20. Rhf1
f4 21. g4 Rxd4 22. Bf5+ Kb8 23. Rxd4 Rxd4 24. Nf3 Rd8 25. Rd1 Bf8 26. Rxd8+
Qxd8 27. Qd2 Bd6 28. a3 b5 29. Qd4 Qe7 30. Qd3 Bc5 31. Ka2 Kc7 32. Kb1 Be3 33.
Ka2 Bxf5 34. gxf5 Qc5 35. Kb3 Bc1 36. Ka2 Qc4+ 37. Kb1 Be3 38. b3 Qc5 39. Kb2
Qe7 40. a4 bxa4 41. bxa4 Qb4+ 42. Qb3 Qe1 43. Qxf7+ Kb6 44. a5+ Ka6 0-1

[Event "IHEM 2000"]
[Site "Hamburg"]
[Date "2000.06.18"]
[Round "9.11"]
[White "Lindinger, Markus"]
[Black "Schleicher, Guido"]
[Result "1/2-1/2"]
[WhiteElo "2316"]
[BlackElo "2250"]
[PlyCount "30"]
[EventDate "2000.06.18"]

1. d4 f5 2. Nc3 d5 3. Bg5 c6 4. Qd2 h6 5. Bf4 Nf6 6. f3 Qa5 7. e4 dxe4 8. fxe4
fxe4 9. Bc4 Nbd7 10. Bb3 Nb6 11. Nxe4 Qxd2+ 12. Nxd2 Nbd5 13. Bg3 Bf5 14. O-O-O
e6 15. Re1 O-O-O {(=)} 1/2-1/2

[Event "IHEM 2000"]
[Site "Hamburg"]
[Date "2000.06.18"]
[Round "9.12"]
[White "Voigt, Martin"]
[Black "Langrock, Hannes"]
[Result "1-0"]
[WhiteElo "2300"]
[BlackElo "2171"]
[PlyCount "75"]
[EventDate "2000.06.18"]

1. e4 c5 2. Nf3 d6 3. d4 cxd4 4. Nxd4 Nf6 5. Nc3 g6 6. g3 Bg7 7. Bg2 O-O 8. O-O
Bg4 9. Nde2 Qc8 10. Bg5 Re8 11. Qd2 Nc6 12. f3 Bd7 13. Rab1 Rb8 14. a4 a6 15.
Nd5 Nxd5 16. exd5 Ne5 17. b3 b5 18. axb5 axb5 19. Be3 h5 20. Bd4 Ra8 21. f4 Ng4
22. Bxg7 Kxg7 23. h3 Nf6 24. Kh2 Qc5 25. b4 Qc4 {(=)} 26. Nd4 Ra2 27. f5 Nxd5
28. fxg6 fxg6 29. Rbe1 Qxb4 30. Rf7+ Kg8 31. Qh6 Kxf7 32. Bxd5+ Kf6 33. Qf4+
Kg7 34. Nf5+ Bxf5 35. Qxb4 Rxc2+ 36. Kg1 Rc5 37. Be6 Bxe6 38. Rxe6 {(zue)} 1-0

[Event "IHEM 2000"]
[Site "Hamburg"]
[Date "2000.06.18"]
[Round "9.13"]
[White "Schuetze, Michael"]
[Black "Becker, Norbert"]
[Result "1/2-1/2"]
[WhiteElo "2221"]
[BlackElo "2170"]
[PlyCount "23"]
[EventDate "2000.06.18"]

1. Nf3 d6 2. d4 f5 3. g3 Nf6 4. Bg2 e6 5. O-O Be7 6. c4 O-O 7. Nc3 Qe8 8. Re1
Qh5 9. e4 fxe4 10. Nxe4 Nxe4 11. Rxe4 Bf6 12. Bd2 1/2-1/2